Echelle de mots : de Toi à Moi - Statistiques

Statistiques générales
  • Ce quiz a été pris 1 585 fois
  • Le résultat moyen est 20 sur 25
Statistiques - réponses
Hint Réponse % Correct
Pour te désigner Toi
100%
Pas tard Tôt
100%
Pronom personnel de la première personne du singulier. Moi
96%
Père du prince Roi
96%
Partie molle du pain Mie
94%
Courir en anglais Run
91%
Pas intelligent Sot
90%
Copain d'Harry Ron
89%
Règle Loi
87%
Ensemble d'objets Lot
86%
Sous la tête Cou
85%
Lent, raplapla Mou
84%
Chemin des villes Rue
82%
Mourir en Angleterre Die
80%
Ancienne peau Mue
80%
Qui m'appartient Mon
79%
Bruit de bouche Rot
78%
Pièce de monnaie Sou
75%
Exprime sa joie Rit
69%
Elle n'est pas dite Tue
68%
Déchiffrée Lue
66%
Il contient le cours d'eau Lit
65%
Manière de parler Ton
64%
Enveloppe du blé Son
62%
Il avance Dit
57%
Aucun quiz correspondant
Distribution des résultats
% des personnes avec chaque résultat
Percentile par nombre de réponses
Votre historique - résultats
Vous n’avez pas pris ce quiz